|
|
|
|
| LEADER |
00000nam0a2200000 4500 |
| 001 |
685057 |
| 005 |
20260225145236.0 |
| 090 |
|
|
|a 685057
|
| 100 |
|
|
|a 20260220d1983 m||y0rusy50 ca
|
| 101 |
0 |
|
|a rus
|
| 102 |
|
|
|a RU
|
| 105 |
|
|
|a y z 000ay
|
| 181 |
|
0 |
|a i
|b e
|
| 182 |
|
0 |
|a n
|
| 183 |
|
0 |
|a nc
|2 RDAcarrier
|
| 200 |
1 |
|
|a Преступление и наказание
|e роман
|f Ф. М. Достоевский
|
| 203 |
|
|
|a Текст
|b визуальный
|c непосредственный
|
| 210 |
|
|
|a Ижевск
|c Удмуртия
|d 1983
|
| 215 |
|
|
|a 496 с.
|
| 283 |
|
|
|a volume
|2 RDAcarrier
|
| 606 |
|
|
|a Русская литература, дореволюционная
|9 50314
|
| 610 |
1 |
|
|a художественная литература
|
| 610 |
1 |
|
|a проза
|
| 610 |
1 |
|
|a романы
|
| 610 |
1 |
|
|a 19 век
|
| 675 |
|
|
|a Р1
|v 4
|
| 700 |
|
1 |
|a Достоевский
|b Ф. М.
|c русский писатель
|f 1821-1881
|g Федор Михайлович
|9 461
|
| 801 |
|
0 |
|a RU
|b 63413507
|c 20260220
|
| 830 |
|
|
|a ретро2026ХФ
|
| 850 |
|
|
|a 63413507
|
| 942 |
|
|
|c BK
|